| 000 | 00669nam a22002057a 4500 | ||
|---|---|---|---|
| 999 |
_c14349 _d14349 |
||
| 003 | AR-CdUCM | ||
| 008 | 190422b ||||| |||| 00| 0 spa d | ||
| 020 | _a978-9972-232-03-9 | ||
| 040 |
_aMUNICIPALIDAD PROVINCIAL DEL CUSCO _cBIBLIOTECA MUNICIPAL DEL CUSCO |
||
| 082 |
_aPI / 376.1 / _bCH11 |
||
| 100 |
_aChloé Garrido Lecca, Maria _933090 |
||
| 245 | _aLa ballenita que no quería comer / | ||
| 260 |
_aLima ; _bSantillana, _c2015. |
||
| 300 |
_a34 páginas ; _bIlustraciones, _c23 cm. |
||
| 650 |
_aLiteratura infantil _9588 |
||
| 650 |
_aCuentos infantiles _93927 |
||
| 700 |
_aGarrido Lecca, Hernán _925398 |
||
| 942 |
_2ddc _cLIBROS |
||
| 945 |
_aacv _d2019-04-22 |
||